[Event "XXII European Club Cup"]
[Site "Fuegen AUT"]
[Date "2006.10.11"]
[Round "4"]
[White "Berelowitsch, Alexander"]
[Black "Bellini, Fabio"]
[Result "0-1"]
[WhiteElo "2551"]
[BlackElo "2502"]
[PlyCount "132"]
[EventDate "2006.10.08"]

1. e4 e5 2. Nf3 d6 3. d4 Nd7 4. Bc4 c6 5. Nc3 Be7 6. a4 Ngf6 7. O-O O-O 8. Re1
a5 9. b3 exd4 10. Nxd4 Nb6 11. Bf1 d5 12. e5 Ne8 13. Qh5 g6 14. Qh6 Ng7 15. Bd3
Nd7 16. Bf4 Nc5 17. Rad1 Nce6 18. Nxe6 Nxe6 19. Bc1 f5 20. exf6 Rxf6 21. Ne2
Bc5 22. Be3 Qf8 23. Qxf8+ Kxf8 24. Bxc5+ Nxc5 25. Nd4 Bg4 26. f3 Bd7 27. c3
Nxd3 28. Rxd3 Re8 29. Rxe8+ Bxe8 30. Kf2 g5 31. b4 c5 32. Nb5 axb4 33. cxb4
cxb4 34. Rxd5 g4 35. Rd4 gxf3 36. gxf3 Bc6 37. f4 b3 38. Rb4 b2 39. Nc3 Rh6 40.
Nd1 Rxh2+ 41. Kg3 Rg2+ 42. Kh3 b1=Q 43. Rxb1 Rg1 44. a5 Rf1 45. Kg3 Ke7 46. Rb6
Rxd1 47. a6 Rd7 48. axb7 Bxb7 49. f5 Kf7 50. Kf4 Bd5 51. Kg5 Be4 52. Re6 Bd3
53. Rb6 Kg7 54. Rc6 Rf7 55. f6+ Kg8 56. Rc8+ Rf8 57. Rc7 Bg6 58. Rg7+ Kh8 59.
Rc7 Rb8 60. Rc5 Kg8 61. Ra5 Rd8 62. Rb5 Rd7 63. Kh6 Rd1 64. Rb7 Rh1+ 65. Kg5
Rh5+ 66. Kg4 Rf5 0-1

[Event "XXII European Club Cup"]
[Site "Fuegen AUT"]
[Date "2006.10.11"]
[Round "4"]
[White "Lain, Luigi"]
[Black "Meessen, Rudolf"]
[Result "1/2-1/2"]
[WhiteElo "2250"]
[BlackElo "2303"]
[PlyCount "118"]
[EventDate "2006.10.08"]

1. d4 e6 2. c4 f5 3. g3 Nf6 4. Bg2 Be7 5. Nf3 O-O 6. O-O d6 7. Nc3 a5 8. Re1
Ne4 9. Qd3 Nxc3 10. Qxc3 Nc6 11. e4 e5 12. dxe5 dxe5 13. c5 Bf6 14. exf5 Bxf5
15. Nd2 e4 16. Qc4+ Kh8 17. Nxe4 Ne5 18. Qf1 Bg4 19. Nxf6 Qxf6 20. f4 Nc6 21.
h3 Be6 22. Be3 Qxb2 23. Rab1 Qxa2 24. Rxb7 Nb4 25. Ra1 Qb3 26. Bd4 Rad8 27. Be5
Qxg3 28. Rxc7 Rf7 29. Rxf7 Bxf7 30. Qf3 Qg6 31. Rxa5 Bd5 32. Qg4 Bxg2 33. Qxg6
hxg6 34. Kxg2 Nc6 35. Ra2 g5 36. Bd6 gxf4 37. Kf3 g5 38. Kg4 Nd4 39. Rd2 Ne6
40. Kf5 Ng7+ 41. Kxg5 Kh7 42. Kf6 Re8 43. Kf7 Re3 44. Bf8 f3 45. Bxg7 f2 46.
Rxf2 Rf3+ 47. Ke6 Rxf2 48. Be5 Rc2 49. Kd6 Kg6 50. c6 Rd2+ 51. Ke6 Rc2 52. c7
Kg5 53. Bf6+ Kf4 54. Kd7 Rd2+ 55. Kc6 Rc2+ 56. Kb7 Kf5 57. Bd4 Kg5 58. Bf2 Rb2+
59. Kc6 Rxf2 1/2-1/2

[Event "XXII European Club Cup"]
[Site "Fuegen AUT"]
[Date "2006.10.11"]
[Round "4"]
[White "Navarro, Stefano"]
[Black "Huesmann, Thomas"]
[Result "1-0"]
[WhiteElo "2228"]
[BlackElo "2315"]
[PlyCount "105"]
[EventDate "2006.10.08"]

1. e4 e5 2. Nf3 Nc6 3. c3 d5 4. Qa4 Bd7 5. exd5 Nd4 6. Qd1 Nxf3+ 7. Qxf3 Nf6 8.
Bc4 Bd6 9. d3 Bg4 10. Qe3 O-O 11. O-O b5 12. Bxb5 Nxd5 13. Qg5 Qxg5 14. Bxg5
Rab8 15. Bc4 Nb6 16. Ba6 Na4 17. b4 Nb2 18. Bc1 Na4 19. Be3 Nb2 20. Bc1 Rb6 21.
Bxb2 Rxa6 22. Re1 Bf5 23. Rd1 Be7 24. a3 Rd8 25. d4 Bg5 26. h3 Rc6 27. b5 Rg6
28. Kh2 c5 29. Re1 h5 30. dxc5 Rd5 31. Bc1 Rxc5 32. Bxg5 Rxg5 33. a4 Bc8 34.
Ra3 Bb7 35. f3 f5 36. Nd2 Rd5 37. Nc4 e4 38. fxe4 fxe4 39. Rxe4 Rc5 40. Re8+
Kh7 41. Ne3 Rc7 42. c4 Rxc4 43. Re7 Ba8 44. Rxa7 Be4 45. h4 Rg6 46. Nxc4 Rxg2+
47. Kh3 Rg1 48. Nd6 Bd5 49. Ne8 Rh1+ 50. Kg3 Rg1+ 51. Kf4 Rg4+ 52. Ke5 Bg2 53.
Rxg7+ 1-0

[Event "XXII European Club Cup"]
[Site "Fuegen AUT"]
[Date "2006.10.11"]
[Round "4"]
[White "Petzold, Klaus"]
[Black "Quaranta, Cristiano"]
[Result "1-0"]
[WhiteElo "2246"]
[BlackElo "2086"]
[PlyCount "53"]
[EventDate "2006.10.08"]

1. c4 e5 2. Nc3 Nc6 3. Nf3 Nf6 4. g3 h6 5. Bg2 Bc5 6. O-O O-O 7. Nxe5 Nxe5 8.
d4 Qe7 9. dxc5 Qxc5 10. b3 d6 11. Nb5 Neg4 12. h3 Qh5 13. Nxc7 Ne5 14. e3 Bg4
15. f3 Bxh3 16. Nxa8 Rxa8 17. Bb2 Qg5 18. Bxh3 Qxg3+ 19. Bg2 Neg4 20. fxg4 Nxg4
21. Rf3 Qh2+ 22. Kf1 Qh5 23. Qd4 Ne5 24. Rg3 Qf5+ 25. Qf4 Qd3+ 26. Kg1 Ng6 27.
Qd4 1-0

[Event "XXII European Club Cup"]
[Site "Fuegen AUT"]
[Date "2006.10.12"]
[Round "5"]
[White "Bellini, Fabio"]
[Black "Sarakauskas, Gediminas"]
[Result "1/2-1/2"]
[WhiteElo "2502"]
[BlackElo "2438"]
[PlyCount "37"]
[EventDate "2006.10.08"]

1. e4 e5 2. Nf3 Nc6 3. Bc4 Nf6 4. d3 Be7 5. O-O d6 6. c3 Na5 7. Bb5+ Bd7 8.
Bxd7+ Qxd7 9. Qe2 Nc6 10. d4 exd4 11. cxd4 d5 12. e5 Ne4 13. Nc3 O-O-O 14. Nxe4
dxe4 15. Qxe4 Nxd4 16. Nxd4 Qxd4 17. Qf5+ Kb8 18. Qxf7 Qxe5 19. Bf4 1/2-1/2

[Event "XXII European Club Cup"]
[Site "Fuegen AUT"]
[Date "2006.10.12"]
[Round "5"]
[White "Lapienis, Donatas P."]
[Black "Navarro, Stefano"]
[Result "1-0"]
[WhiteElo "2310"]
[BlackElo "2228"]
[PlyCount "63"]
[EventDate "2006.10.08"]

1. d4 d5 2. c4 e6 3. Nc3 Nf6 4. Bg5 Nbd7 5. e3 c6 6. Nf3 Qa5 7. cxd5 Nxd5 8.
Qd2 Bb4 9. Rc1 h6 10. Bh4 c5 11. Bd3 b6 12. O-O Bxc3 13. bxc3 Ba6 14. Bxa6 Qxa6
15. e4 N5f6 16. e5 Ng8 17. d5 g5 18. dxe6 fxe6 19. Qd6 gxh4 20. Rcd1 Qb7 21.
Qxe6+ Ne7 22. Rd6 Nf8 23. Qf6 Nfg6 24. Rfd1 Rf8 25. Qg7 Rg8 26. Qxh6 h3 27. Rf6
hxg2 28. Ng5 Rd8 29. Rfd6 Rxd6 30. exd6 Nf5 31. Qh5 Nfh4 32. d7+ 1-0

[Event "XXII European Club Cup"]
[Site "Fuegen AUT"]
[Date "2006.10.12"]
[Round "5"]
[White "Luciani, Valerio"]
[Black "Dambrauskas, Virginijus"]
[Result "0-1"]
[WhiteElo "2229"]
[BlackElo "2331"]
[PlyCount "40"]
[EventDate "2006.10.08"]

1. d4 d5 2. c4 e6 3. Nc3 c6 4. cxd5 exd5 5. Bf4 Bd6 6. Bxd6 Qxd6 7. e3 Bf5 8.
Bd3 Bxd3 9. Qxd3 Nf6 10. Nf3 Nbd7 11. O-O O-O 12. b4 b5 13. a4 a5 14. axb5 axb4
15. Na4 cxb5 16. Qxb5 Rfb8 17. Qd3 Ne4 18. Nd2 Qc6 19. Nb2 Rxa1 20. Rxa1 Qc3
0-1

[Event "XXII European Club Cup"]
[Site "Fuegen AUT"]
[Date "2006.10.12"]
[Round "5"]
[White "Maki-Uuro, Miikka"]
[Black "Efimov, Igor"]
[Result "1-0"]
[WhiteElo "2392"]
[BlackElo "2412"]
[PlyCount "69"]
[EventDate "2006.10.08"]

1. Nf3 b5 2. e4 Bb7 3. Bxb5 Bxe4 4. O-O Nf6 5. d4 e6 6. c4 Be7 7. Nc3 Bb7 8.
Re1 O-O 9. Bg5 d6 10. Qd3 Nbd7 11. Ba4 Rb8 12. Bc2 Bxf3 13. Qxf3 Rxb2 14. Bb3
c5 15. dxc5 Qa5 16. Na4 Ne5 17. Qd1 Rxf2 18. cxd6 Bd8 19. c5 Rf5 20. Bd2 Qa6
21. Bc2 Rh5 22. Bc3 Neg4 23. h3 Nd5 24. Qxg4 Rg5 25. Qf3 Nxc3 26. Qxc3 Qc6 27.
Qd2 h6 28. Re2 Bf6 29. Qd3 g6 30. Rf1 Rd5 31. Qf3 Bd4+ 32. Kh1 Bxc5 33. Rxe6
Bxd6 34. Rf6 Rc8 35. Rxg6+ 1-0

[Event "XXII European Club Cup"]
[Site "Fuegen AUT"]
[Date "2006.10.12"]
[Round "5"]
[White "Novikov, Vitalij"]
[Black "Lain, Luigi"]
[Result "0-1"]
[WhiteElo "2328"]
[BlackElo "2250"]
[PlyCount "128"]
[EventDate "2006.10.08"]

1. e4 e5 2. Nf3 Nc6 3. Bb5 a6 4. Bxc6 dxc6 5. O-O Bg4 6. h3 Bxf3 7. Qxf3 Qd7 8.
d3 Bc5 9. Nd2 O-O-O 10. Nb3 Bb6 11. Be3 Bxe3 12. Qxe3 b6 13. a4 a5 14. f4 exf4
15. Qxf4 f6 16. d4 Ne7 17. Qf3 Rhe8 18. Rae1 Ng6 19. Qh5 Qf7 20. e5 Rd5 21.
Qg4+ Kb7 22. exf6 Rxe1 23. Rxe1 Qxf6 24. Rf1 Qe7 25. Rf5 Qe3+ 26. Kh2 Rxf5 27.
Qxf5 Nf4 28. Qg5 Qf2 29. Qg3 Qxc2 30. Nxa5+ bxa5 31. Qxf4 Qxa4 32. Qe3 Qb4 33.
b3 Kb6 34. h4 c5 35. Qe6+ c6 36. dxc5+ Qxc5 37. Qf7 Qd4 38. Kh3 Qd5 39. Qxg7
Qxb3+ 40. g3 Qe6+ 41. g4 Qe3+ 42. Kg2 Qe4+ 43. Kg3 a4 44. Qc3 c5 45. g5 Qd4 46.
Qf3 c4 47. Qf6+ Kc5 48. Qf5+ Kb4 49. Qb1+ Ka3 50. h5 Qe3+ 51. Kg4 Qe2+ 52. Kh4
c3 53. g6 hxg6 54. hxg6 Qb2 55. Qd3 Qd2 56. Qb1 c2 57. Qa1+ Kb3 58. g7 Qh6+ 59.
Kg4 Qg6+ 60. Kh4 a3 61. Kh3 Qg5 62. Kh2 Qg4 63. Qe5 c1=Q 64. Qb8+ Kc2 0-1

[Event "XXII European Club Cup"]
[Site "Fuegen AUT"]
[Date "2006.10.13"]
[Round "6"]
[White "Hatzl, Johannes"]
[Black "Quaranta, Cristiano"]
[Result "1-0"]
[WhiteElo "2113"]
[BlackElo "2086"]
[PlyCount "49"]
[EventDate "2006.10.08"]

1. e4 c5 2. c3 d5 3. exd5 Qxd5 4. d4 Nf6 5. Nf3 Bg4 6. Nbd2 cxd4 7. Bc4 Qd6 8.
Qb3 Nc6 9. Bxf7+ Kd8 10. Nc4 Qc7 11. Ng5 Na5 12. Qb5 Nxc4 13. Bxc4 a6 14. Nf7+
Kc8 15. Qb3 Qc6 16. Nxh8 Qxg2 17. Rf1 Qe4+ 18. Kd2 Bf5 19. cxd4 Qxd4+ 20. Ke1
Qe4+ 21. Be3 b5 22. Rc1 Kb7 23. Bxb5 Qxe3+ 24. fxe3 Rb8 25. Bxa6+ 1-0

[Event "XXII European Club Cup"]
[Site "Fuegen AUT"]
[Date "2006.10.13"]
[Round "6"]
[White "Kjartansson, David"]
[Black "Efimov, Igor"]
[Result "0-1"]
[WhiteElo "2288"]
[BlackElo "2412"]
[PlyCount "126"]
[EventDate "2006.10.08"]

1. e4 c5 2. Nf3 e6 3. c3 d5 4. exd5 Qxd5 5. d4 Nf6 6. Be2 Be7 7. O-O O-O 8. h3
Rd8 9. Be3 cxd4 10. Nxd4 e5 11. Nf3 Nc6 12. Qa4 Bd7 13. Bc4 Na5 14. Bxd5 Bxa4
15. Bb3 Nxb3 16. axb3 Bxb3 17. Nxe5 a6 18. Nd2 Be6 19. Ndf3 Nd5 20. Bd4 Nf4 21.
Bb6 Re8 22. Be3 Nd5 23. Bd4 a5 24. Nd3 Bf5 25. Nc5 b5 26. Rfe1 f6 27. Kh2 a4
28. g3 Rac8 29. Nh4 Bc2 30. Re2 Bxc5 31. Rxe8+ Rxe8 32. Bxc5 Re2 33. Kg1 Be4
34. f3 Bd3 35. Rd1 Bc4 36. Ba3 g6 37. Rf1 Ne3 38. Rf2 Re1+ 39. Kh2 g5 40. Ng2
Nf1+ 41. Kg1 Rb1 42. g4 Kf7 43. h4 Ke6 44. hxg5 fxg5 45. Kh1 Kf6 46. Kg1 Kg6
47. Kh1 h5 48. gxh5+ Kxh5 49. Kg1 Kg6 50. Kh1 Kf5 51. Kg1 Ke5 52. Kh1 g4 53.
Nh4 g3 54. Rg2 Bd3 55. Rg1 Rd1 56. Kg2 Bc4 57. Kh1 Rd7 58. Ng6+ Kf5 59. Nf8 Rd2
60. Rg2 Rd1 61. Rg1 Rd2 62. Rg2 Be2 63. Kg1 Rd1 0-1

[Event "XXII European Club Cup"]
[Site "Fuegen AUT"]
[Date "2006.10.13"]
[Round "6"]
[White "Lain, Luigi"]
[Black "Arwanitakis, Michael"]
[Result "0-1"]
[WhiteElo "2250"]
[BlackElo "2265"]
[PlyCount "60"]
[EventDate "2006.10.08"]

1. d4 g6 2. c4 Bg7 3. e4 d6 4. Nc3 e5 5. d5 a5 6. Be3 Na6 7. Bd3 Nc5 8. Nge2
Nxd3+ 9. Qxd3 b6 10. f3 Bh6 11. Bxh6 Nxh6 12. Qe3 Ng8 13. a4 Nf6 14. O-O-O Nd7
15. Qh6 Ba6 16. b3 Qe7 17. Nb5 Nc5 18. Kc2 Bxb5 19. axb5 O-O-O 20. Ra1 f5 21.
b4 axb4 22. exf5 Kb7 23. fxg6 hxg6 24. Qe3 Rh4 25. f4 Qh7 26. g3 g5+ 27. Kb2
gxf4 28. gxf4 exf4 29. Qf3 Rh3 30. Qg4 Nd3+ 0-1

[Event "XXII European Club Cup"]
[Site "Fuegen AUT"]
[Date "2006.10.13"]
[Round "6"]
[White "Navarro, Stefano"]
[Black "Frank, Paul"]
[Result "1-0"]
[WhiteElo "2228"]
[BlackElo "2189"]
[PlyCount "73"]
[EventDate "2006.10.08"]

1. e4 c5 2. Nf3 Nc6 3. d4 cxd4 4. Nxd4 Qb6 5. Nb3 Nf6 6. Nc3 e6 7. a3 a6 8. Be2
d6 9. O-O Be7 10. Be3 Qc7 11. f4 b5 12. Bf3 Rb8 13. g4 O-O 14. Bg2 Re8 15. g5
Nd7 16. Rf3 b4 17. axb4 Nxb4 18. Rh3 Nf8 19. Rc1 Bd7 20. Rg3 Rec8 21. Nd4 Nc6
22. b3 Bd8 23. Nce2 Nb4 24. c4 Nc6 25. Nxc6 Qxc6 26. e5 d5 27. cxd5 Qb5 28. Nd4
Rxc1 29. Qxc1 Qd3 30. Bf2 Qg6 31. d6 Bb6 32. Nc6 Bxf2+ 33. Kxf2 Bxc6 34. Bxc6
Qh5 35. h3 Rb4 36. Qd2 Qh4 37. Qxb4 1-0

[Event "XXII European Club Cup"]
[Site "Fuegen AUT"]
[Date "2006.10.13"]
[Round "6"]
[White "Wagner, Stephan"]
[Black "Luciani, Valerio"]
[Result "0-1"]
[WhiteElo "2231"]
[BlackElo "2229"]
[PlyCount "74"]
[EventDate "2006.10.08"]

1. c4 e5 2. Nc3 d6 3. g3 f5 4. Bg2 Nf6 5. d3 Be7 6. e3 O-O 7. Nge2 c6 8. O-O a5
9. Rb1 Be6 10. b3 Nbd7 11. Qc2 Qe8 12. Bb2 Qh5 13. Qd1 g5 14. d4 e4 15. d5 Ne5
16. Nf4 gxf4 17. Qxh5 Nxh5 18. gxf4 Nf3+ 19. Bxf3 exf3 20. dxe6 Rf6 21. Rbd1
Rg6+ 22. Kh1 Nf6 23. Nb1 Ng4 24. Nd2 Bh4 25. e4 Rxe6 26. exf5 Re2 27. Rg1 h5
28. h3 Bxf2 29. hxg4 Bxg1 30. Kxg1 hxg4 31. Bc3 Rae8 32. Bd4 Re1+ 33. Rxe1
Rxe1+ 34. Nf1 g3 35. Bf2 gxf2+ 36. Kxf2 Ra1 37. Kxf3 Rxf1+ 0-1

[Event "XXII European Club Cup"]
[Site "Fuegen AUT"]
[Date "2006.10.14"]
[Round "7"]
[White "Efimov, Igor"]
[Black "Bujupi, Bajram"]
[Result "1-0"]
[WhiteElo "2412"]
[BlackElo "2227"]
[PlyCount "77"]
[EventDate "2006.10.08"]

1. e4 c5 2. Nf3 e6 3. d4 cxd4 4. Nxd4 a6 5. c4 Nf6 6. Nc3 d6 7. Be2 Be7 8. O-O
O-O 9. Be3 Qc7 10. Qd2 b6 11. Rfc1 Bb7 12. f3 Nbd7 13. Bf1 Rac8 14. Kh1 Qb8 15.
Rab1 Rfd8 16. Qf2 Re8 17. Rc2 g6 18. a3 Qa8 19. Rbc1 d5 20. exd5 exd5 21. cxd5
Nxd5 22. Nxd5 Bxd5 23. Ne2 Rxc2 24. Rxc2 b5 25. Nf4 Bc6 26. Bd4 Bd6 27. Nd3 Ne5
28. Nc5 Bf8 29. Re2 Nc4 30. Rxe8 Bxe8 31. Ne4 Be7 32. Bf6 Qd8 33. Bxe7 Qxe7 34.
Qd4 Ne5 35. Qb6 Bc6 36. Qxa6 Bxe4 37. fxe4 b4 38. a4 Ng4 39. Qc8+ 1-0

[Event "XXII European Club Cup"]
[Site "Fuegen AUT"]
[Date "2006.10.14"]
[Round "7"]
[White "Idrizaj, Abedin"]
[Black "Lain, Luigi"]
[Result "1-0"]
[WhiteElo "2249"]
[BlackElo "2250"]
[PlyCount "87"]
[EventDate "2006.10.08"]

1. e4 e5 2. Nf3 Nc6 3. Bb5 Nge7 4. O-O g6 5. c3 Bg7 6. d4 exd4 7. cxd4 d5 8.
exd5 Nxd5 9. Re1+ Be6 10. Ng5 O-O 11. Bxc6 bxc6 12. Nxe6 fxe6 13. Re4 c5 14.
dxc5 Rb8 15. Qe2 Qe7 16. Na3 Qxc5 17. Nc4 Bd4 18. Be3 Nxe3 19. fxe3 Bg7 20.
Rxe6 Rb4 21. Re4 Qc6 22. Qd3 Bxb2 23. Rf1 Rxf1+ 24. Kxf1 Bf6 25. Rf4 Bg5 26.
Ke2 Bf6 27. e4 Qe6 28. h3 Qa6 29. e5 Qxa2+ 30. Qd2 Qxd2+ 31. Kxd2 Be7 32. e6 a5
33. Rd4 a4 34. Rd7 Bg5+ 35. Kc2 Bf4 36. Rd4 Bh2 37. Na3 Rb6 38. Rc4 Rb3 39. Rc6
Bd6 40. Ra6 c5 41. Nc4 Be7 42. Nd6 Kg7 43. Nf7 h6 44. g4 1-0

[Event "XXXIV C.to Italiano ASCI"]
[Site "Silvi Marina ITA"]
[Date "2006.08.26"]
[Round "1"]
[White "Pugliese, Giuseppe"]
[Black "Fracas, Aldo"]
[Result "1-0"]
[WhiteElo "1856"]
[BlackElo "1520"]
[PlyCount "57"]
[EventDate "2006.08.26"]

1. e4 e6 2. d3 d5 3. Qe2 Be7 4. Nf3 Nf6 5. g3 b6 6. exd5 Nxd5 7. Bg2 Bb7 8. O-O
O-O 9. Nbd2 Nd7 10. Nd4 Rb8 11. Nxe6 fxe6 12. Qxe6+ Kh8 13. Bxd5 Bxd5 14. Qxd5
Bd6 15. Nc4 Nf6 16. Qc6 Ng4 17. Nxd6 cxd6 18. Qd5 Nf6 19. Qd4 Qd7 20. Kg2 Qc6+
21. f3 Nd5 22. c4 Nb4 23. Qc3 a5 24. a3 Rbe8 25. Bf4 Re2+ 26. Rf2 Rxf2+ 27.
Kxf2 Na6 28. Re1 Nc5 29. Re7 1-0

[Event "XXXIV C.to Italiano ASCI"]
[Site "Silvi Marina ITA"]
[Date "2006.08.26"]
[Round "1"]
[White "Scali, Fausto"]
[Black "Melle, Ezio"]
[Result "1-0"]
[WhiteElo "1509"]
[BlackElo "1789"]
[PlyCount "25"]
[EventDate "2006.08.26"]

1. e4 c5 2. f4 Nc6 3. Nf3 e6 4. Nc3 d5 5. e5 d4 6. Ne4 Nge7 7. Nd6+ Kd7 8. Nxf7
Qc7 9. Nxh8 Nd5 10. d3 Nd8 11. Ng5 Ke8 12. Qh5+ g6 13. Qxh7 1-0

[Event "XXXIV C.to Italiano ASCI"]
[Site "Silvi Marina ITA"]
[Date "2006.08.27"]
[Round "2"]
[White "Avanzi, Gioni"]
[Black "Pugliese, Giuseppe"]
[Result "1/2-1/2"]
[WhiteElo "1562"]
[BlackElo "1856"]
[PlyCount "63"]
[EventDate "2006.08.26"]

1. d4 d5 2. Nf3 Nf6 3. Bf4 e6 4. e3 Nbd7 5. c3 Be7 6. h3 c5 7. Nbd2 b6 8. Be2
Bb7 9. Qc2 h6 10. Ne5 Nxe5 11. Bxe5 O-O 12. O-O Nd7 13. Bh2 f5 14. f4 c4 15.
Nf3 Kh7 16. Ne5 Nxe5 17. fxe5 Qe8 18. g4 g6 19. Bg3 Qd8 20. gxf5 gxf5 21. Kh2
Rg8 22. Rg1 Bg5 23. Bf4 Bxf4+ 24. exf4 Rxg1 25. Rxg1 Qh4 26. Qd2 Rg8 27. Rxg8
Kxg8 28. Bd1 Bc6 29. Qg2+ Kh7 30. Qg3 Qe7 31. Bh5 Be8 32. Bxe8 1/2-1/2

[Event "XXXIV C.to Italiano ASCI"]
[Site "Silvi Marina ITA"]
[Date "2006.08.27"]
[Round "2"]
[White "Nicolini, Savino"]
[Black "Fratini, Mauro"]
[Result "0-1"]
[WhiteElo "1473"]
[BlackElo "1745"]
[PlyCount "122"]
[EventDate "2006.08.26"]

1. d4 Nf6 2. c4 g6 3. Nc3 Bg7 4. e3 d6 5. h3 Nbd7 6. Nf3 O-O 7. Bd3 c5 8. d5 a6
9. a4 Rb8 10. O-O Nb6 11. a5 Nbd7 12. Na4 b6 13. axb6 Nxb6 14. Nxb6 Rxb6 15.
Qc2 Bd7 16. Bd2 Qa8 17. Ba5 Rb7 18. Rfb1 Rfb8 19. Ra2 Rb3 20. Ng5 h6 21. Ne4
Nxe4 22. Bxe4 Qb7 23. g4 Bxb2 24. Bxg6 Bg7 25. Rxb3 Qxb3 26. Bd3 Qxc2 27. Bxc2
Rb2 28. Rxb2 Bxb2 29. Kg2 Ba3 30. Bd8 Kf8 31. Bb1 Bb4 32. Kg3 a5 33. f4 a4 34.
f5 f6 35. e4 Bc3 36. Kf3 a3 37. Ba2 Ba4 38. Bb6 Bc2 39. Bd8 Ke8 40. Bb6 Kd7 41.
Ke3 Bd1 42. Kf4 Bd2+ 43. Kg3 Be1+ 44. Kg2 Be2 45. h4 Bxg4 46. Kf1 Bxh4 47. Ba5
Bg5 48. Bc3 h5 49. Bb1 h4 50. Bd3 Bc1 51. Bb1 Bd1 52. Kg2 Bb2 53. Bxb2 axb2 54.
Kh3 Bb3 55. Kxh4 Bxc4 56. Kg3 Bb3 57. Kf2 c4 58. Ke3 Kc7 59. Kd4 Kb6 60. Kc3
Kc5 61. Kxb2 Kd4 0-1

[Event "XXXIV C.to Italiano ASCI"]
[Site "Silvi Marina ITA"]
[Date "2006.08.28"]
[Round "3"]
[White "Fratini, Mauro"]
[Black "Poli, Diego"]
[Result "0-1"]
[WhiteElo "1745"]
[BlackElo "1646"]
[PlyCount "108"]
[EventDate "2006.08.26"]

1. d4 d5 2. Nf3 Nc6 3. Bf4 e6 4. e3 a6 5. Nbd2 Bd6 6. Bg3 Bxg3 7. hxg3 Nf6 8.
c4 Qe7 9. a3 e5 10. dxe5 Nxe5 11. Nxe5 Qxe5 12. cxd5 Qxd5 13. Rh4 Be6 14. Rd4
Qa5 15. b4 Qb6 16. Rc1 O-O 17. Nc4 Bxc4 18. Rcxc4 c6 19. Be2 Rad8 20. Bf3 Qc7
21. a4 Rxd4 22. Rxd4 b5 23. Qc2 bxa4 24. Qxc6 Qxc6 25. Bxc6 a3 26. Bb7 Rb8 27.
Bxa6 a2 28. Rd1 Nd5 29. b5 Nb4 30. Ke2 Nc2 31. Rc1 a1=Q 32. Rxa1 Nxa1 33. Kd3
Nb3 34. Kc4 Na5+ 35. Kc5 Nb3+ 36. Kc6 Re8 37. b6 Re6+ 38. Kc7 Na5 39. Bb5 Kf8
40. Bd7 Re7 41. Kc8 g6 42. Kc7 f5 43. Kd8 Kf7 44. Kc8 Kf6 45. Kd8 Rg7 46. f3
Ke5 47. Kc7 g5 48. f4+ gxf4 49. exf4+ Kd5 50. g4 fxg4 51. f5 Ke5 52. Kd8 Rxd7+
53. Kxd7 h5 54. g3 h4 0-1

[Event "XXXIV C.to Italiano ASCI"]
[Site "Silvi Marina ITA"]
[Date "2006.08.28"]
[Round "3"]
[White "Soppelsa, Maurizio"]
[Black "Gasperoni, Claudio"]
[Result "0-1"]
[WhiteElo "1473"]
[BlackElo "1700"]
[PlyCount "82"]
[EventDate "2006.08.26"]

1. c4 e6 2. Nc3 d5 3. cxd5 exd5 4. d4 c5 5. e3 Nc6 6. Nf3 Nf6 7. a3 a6 8. dxc5
Bxc5 9. Bd3 O-O 10. b4 Ba7 11. O-O Bg4 12. Kh1 d4 13. exd4 Nxd4 14. h3 Nxf3 15.
hxg4 Ne5 16. Bxh7+ Nxh7 17. Qxd8 Raxd8 18. f3 Nf6 19. Bg5 Rd6 20. Rad1 Rfd8 21.
Rxd6 Rxd6 22. Rd1 Rxd1+ 23. Nxd1 Nd5 24. Kh2 Nc4 25. Bc1 f6 26. g3 Kf7 27. Kg2
Nde3+ 28. Nxe3 Nxe3+ 29. Kh3 Nc4 30. Kg2 Be3 31. Bxe3 Nxe3+ 32. Kf2 Nc2 33. f4
Nxa3 34. f5 Nc2 35. Kf3 Nxb4 36. Kf4 a5 37. g5 fxg5+ 38. Kxg5 a4 39. Kh5 a3 40.
g4 a2 41. g5 a1=Q 0-1

[Event "XXXIV C.to Italiano ASCI"]
[Site "Silvi Marina ITA"]
[Date "2006.08.29"]
[Round "4"]
[White "Gasperoni, Claudio"]
[Black "Poli, Diego"]
[Result "1/2-1/2"]
[WhiteElo "1700"]
[BlackElo "1646"]
[PlyCount "95"]
[EventDate "2006.08.26"]

1. d4 d5 2. c4 e6 3. Nc3 Bb4 4. e3 Nf6 5. a3 Bxc3+ 6. bxc3 Nc6 7. Nf3 Ne4 8.
Qc2 f5 9. cxd5 exd5 10. c4 Be6 11. cxd5 Qxd5 12. Bd3 Qa5+ 13. Bd2 Nxd2 14. Qxd2
Qxd2+ 15. Nxd2 O-O-O 16. Bc4 Rhe8 17. g3 Bxc4 18. Nxc4 Rxd4 19. Rc1 Rd3 20. O-O
b5 21. Nb2 Rb3 22. Rxc6 Rxb2 23. Rfc1 Re7 24. R1c3 Kb7 25. Kg2 b4 26. axb4 Rxb4
27. h4 Rb5 28. Kf3 g6 29. Kf4 Rbe5 30. Rxc7+ Rxc7 31. Rb3+ Kc6 32. Kxe5 a5 33.
h5 a4 34. Rb1 Kc5 35. hxg6 hxg6 36. f3 a3 37. e4 fxe4 38. Kxe4 a2 39. Ra1 Ra7
40. Kf4 Kb4 41. Kg5 Ra6 42. f4 Kc3 43. g4 Kb2 44. Rxa2+ Rxa2 45. f5 gxf5 46.
gxf5 Kb3 47. f6 Kc4 48. f7 1/2-1/2

[Event "XXXIV C.to Italiano ASCI"]
[Site "Silvi Marina ITA"]
[Date "2006.08.29"]
[Round "4"]
[White "Nicolini, Savino"]
[Black "Pugliese, Giuseppe"]
[Result "0-1"]
[WhiteElo "1473"]
[BlackElo "1856"]
[PlyCount "72"]
[EventDate "2006.08.26"]

1. d4 d5 2. c4 e6 3. Nc3 Nf6 4. Bg5 Nbd7 5. e3 c6 6. a3 Be7 7. Bd3 dxc4 8. Bxc4
Nd5 9. Bxe7 Qxe7 10. Nf3 O-O 11. O-O Nxc3 12. bxc3 e5 13. Bb3 Kh8 14. Qc2 f6
15. a4 a5 16. Rfd1 Nb6 17. Qe4 g6 18. Nh4 Be6 19. Rdb1 Nd5 20. Bxd5 Bxd5 21.
Qxg6 Rg8 22. Qf5 Rab8 23. g3 Rg5 24. Qd3 e4 25. Qe2 Be6 26. Ng2 Bg4 27. Qc2 Bf3
28. Rb6 Qd7 29. Nf4 h5 30. h4 Rg4 31. Rab1 Rxf4 32. Rxb7 Rxb7 33. Rxb7 Qxb7 34.
exf4 Qd7 35. Qc1 Qh3 36. Qf1 Qh1# 0-1

[Event "XXXIV C.to Italiano ASCI"]
[Site "Silvi Marina ITA"]
[Date "2006.08.30"]
[Round "5"]
[White "Poli, Diego"]
[Black "Melle, Ezio"]
[Result "1-0"]
[WhiteElo "1646"]
[BlackElo "1789"]
[PlyCount "57"]
[EventDate "2006.08.26"]

1. Nf3 c5 2. e4 a6 3. c4 Nc6 4. Nc3 g6 5. d4 cxd4 6. Nxd4 Bg7 7. Nxc6 bxc6 8.
Qb3 Qc7 9. Bd3 Nf6 10. O-O O-O 11. f4 Ng4 12. g3 Bd4+ 13. Kg2 Rb8 14. Qc2 Ne3+
15. Bxe3 Bxe3 16. b3 d6 17. Rae1 Bc5 18. h3 Bb4 19. Re3 Qa5 20. Ne2 Bc5 21.
Ref3 Be6 22. f5 gxf5 23. exf5 Bd7 24. f6 exf6 25. Bxh7+ Kg7 26. Rxf6 Rbe8 27.
Rxf7+ Rxf7 28. Qg6+ Kf8 29. Rxf7# 1-0

[Event "XXXIV C.to Italiano ASCI"]
[Site "Silvi Marina ITA"]
[Date "2006.08.30"]
[Round "5"]
[White "Pugliese, Giuseppe"]
[Black "Gasperoni, Claudio"]
[Result "1/2-1/2"]
[WhiteElo "1856"]
[BlackElo "1700"]
[PlyCount "135"]
[EventDate "2006.08.26"]

1. e4 e5 2. Nf3 Nc6 3. Nc3 Nf6 4. g3 Bc5 5. Bg2 d6 6. h3 Bd7 7. Qe2 O-O 8. d3
Qc8 9. g4 Kh8 10. Bg5 Ng8 11. O-O-O f6 12. Bd2 Nd4 13. Nxd4 Bxd4 14. Nd5 Be6
15. c4 b5 16. Be3 bxc4 17. Bxd4 cxd3 18. Qxd3 exd4 19. Qxd4 Rb8 20. Rhe1 Qa6
21. a3 Rb5 22. Bf1 Qc6+ 23. Kb1 Rc5 24. Rc1 Bxd5 25. exd5 Qb6 26. Rxc5 dxc5 27.
Qc4 Rb8 28. Re2 Qa5 29. Kc1 Rd8 30. Bg2 h6 31. Kc2 Qb6 32. Re6 Qa5 33. Qc3 Qa4+
34. Kd2 Qf4+ 35. Qe3 Qc4 36. Qe4 Qb3 37. Qd3 Qxb2+ 38. Kd1 Rb8 39. Re2 Qa1+ 40.
Kd2 Rb1 41. Ke3 Rc1 42. Kf4 Rd1 43. Qg6 Qc1+ 44. Kg3 Qg5 45. Qc2 Rd4 46. Kh2
Qf4+ 47. Kg1 Rc4 48. Qb2 Rc1+ 49. Bf1 h5 50. Rc2 Rd1 51. Qb3 hxg4 52. Rc4 Qd2
53. Rc2 Qg5 54. hxg4 Qxg4+ 55. Qg3 Qxg3+ 56. fxg3 Ne7 57. Rxc5 Nxd5 58. Kh2
Rd2+ 59. Kh3 g5 60. Kg4 Ne3+ 61. Kh5 Nxf1 62. Rxc7 Nxg3+ 63. Kg6 Rd8 64. Rxa7
Ne4 65. Rh7+ Kg8 66. Rg7+ Kf8 67. Rb7 Re8 68. Rf7+ 1/2-1/2

[Event "XXXIV C.to Italiano ASCI"]
[Site "Silvi Marina ITA"]
[Date "2006.08.31"]
[Round "6"]
[White "Fratini, Mauro"]
[Black "Gasperoni, Claudio"]
[Result "1-0"]
[WhiteElo "1745"]
[BlackElo "1700"]
[PlyCount "57"]
[EventDate "2006.08.26"]

1. d4 d5 2. Bf4 Nf6 3. Nf3 e6 4. e3 Bd6 5. Bg5 h6 6. Bh4 Nc6 7. Nbd2 Qe7 8. c3
e5 9. dxe5 Nxe5 10. Nxe5 Bxe5 11. Nf3 Bg4 12. Qa4+ Bd7 13. Qb3 Bc6 14. Nd4 Bxd4
15. cxd4 Qe4 16. Bg3 Kd7 17. f3 Qe6 18. Rc1 Rhe8 19. Rc3 Nh5 20. Kf2 Nxg3 21.
hxg3 a6 22. Be2 Re7 23. Rhc1 Ke8 24. Qc2 Qg6 25. Qd1 Kf8 26. a4 Qd6 27. Rc5 Be8
28. Qc2 c6 29. Qh7 1-0